Mest' Dva Razskaza

Bibliographic Details
Main Authors: Maupassant, Guy de, 1850-1893 (Author), Coppée, François, 1842-1908 (Author)
Corporate Author: Tipo-litografia Tovarišestva I. N. Kušnerev (Moskva, Rusko) (Printer)
Format: Book
Language:Russian
German
French
PhysicalDescription:31 s. ilustrácia 13 cm
Published: Moskva Tipo-Lit. T-va I. N. Kušnerev` i Ko- Pimen. Ul. S. D. 1909
Edition:Sed'moe Izdanie
Series:Izdanie "Posrednika" No. 169
Subjects:

MARC

LEADER 00000nam a2200000 a 4500
001 vtls011545342
003 SK-MaSNL
005 20260302051719.0
008 251112s1909 ru 000n0 rus
015 |a SNBHFA1909 
020 |q (brož.) 
035 |a E735D448-5364-49ED-95D5-0BAB8B9076EF 
035 |a urn:nbn:sk:snk-am3h74k 
035 |a urn:nbn:sk:snk-am00cqv1 
040 |a SNK  |b slo  |c SNK  |e AACR2 
041 1 |a rus  |h ger  |h fre 
044 |a ru  |c RU 
072 7 |a 821.133.1  |x Francúzska literatúra, francúzsky písaná  |2 konspekt 
080 |a 821.133.1  |2 2011 
080 |a (0:82-34)  |2 2001 
080 |a 82-32  |2 2011 
100 1 |a Maupassant, Guy de,  |d 1850-1893  |4 aut  |9 85622 
245 1 0 |a Mest'  |b Dva Razskaza  |c Po Qjui De-Mopasanu 
250 |a Sed'moe Izdanie 
260 |a Moskva  |b Tipo-Lit. T-va I. N. Kušnerev` i Ko- Pimen. Ul. S. D.  |c 1909 
300 |a 31 s.  |b ilustrácia  |c 13 cm 
490 0 |a Izdanie "Posrednika"  |v No. 169 
500 |a Zoznam titulov v edícií za textom 
500 |a Ilustrácia na obálkovom titulnom liste 
500 |a Obálkový titulný list 
546 |a Ruština  |b Azbuka 
561 |a Z knižnica Dušana Makovického.  |5 SNK ID 9979 
650 0 7 |a francúzska literatúra  |2 SNKPH  |9 1186 
655 7 |a poviedky  |2 SNKPH  |9 70519 
700 1 |a Makovický, Dušan,  |d 1866-1921  |4 fmo  |9 40176 
700 1 |a Coppée, François,  |d 1842-1908  |t Sidjelka  |4 aut  |9 199733 
710 0 |a Tipo-litografia Tovarišestva I. N. Kušnerev (Moskva, Rusko)  |4 prt  |9 658471 
740 0 2 |a Sidjelka. Po Francua Koppe 
752 |a Rusko  |d Moskva 
852 |a snk  |b Historické fondy  |p ID 9979 
958 |a ONDV 
999 |c 1102255  |d 1104185 
952 |t Mak 51  |a SNK  |b SNK  |c SNK_HF  |y PREZ  |7 0  |p 17A1128489  |o snkIE 9979  |i snk2016/8304  |8 5  |0 0  |1 0  |4 0  |d 2016-04-14  |f 1  |l 0  |r 2026-02-24 17:34:44  |w 2026-02-24